[Event "Open"]
[Site "Pula CRO"]
[Date "2009.07.01"]
[Round "6"]
[White "Shtivelband,V"]
[Black "Rukavina,J"]
[Result "0-1"]
[WhiteElo "2180"]
[BlackElo "2423"]
[EventDate "2009.06.27"]

1. c4 e5 2. Nc3 Nf6 3. g3 c6 4. Nf3 d6 5. Bg2 Be7 6. O-O O-O 7. e4 c5 8. h3
Nc6 9. d3 a6 10. Kh2 Rb8 11. a4 Ne8 12. Ne1 Nc7 13. Nc2 b5 14. axb5 axb5
15. b3 Bd7 16. Bd2 Bg5 17. f4 exf4 18. gxf4 Bf6 19. e5 dxe5 20. Ne4 bxc4
21. Nxf6+ Qxf6 22. fxe5 Qh4 23. bxc4 Nxe5 24. Ne3 Qd4 25. Nf5 Bxf5 26. Rxf5
Nxd3 27. Ra7 Ne6 28. Qf1 Ne5 29. Qc1 Rb2 30. Raxf7 Rxf7 0-1

[Event "Open"]
[Site "Pula CRO"]
[Date "2009.07.01"]
[Round "6"]
[White "Zivkovic,Vj"]
[Black "Nannelli,P"]
[Result "1/2-1/2"]
[WhiteElo "2413"]
[BlackElo "2176"]
[EventDate "2009.06.27"]

1. e4 e6 2. d4 d5 3. Nc3 dxe4 4. Nxe4 Bd7 5. Nf3 Bc6 6. Bd3 Nd7 7. O-O Ngf6
8. Ng3 Be7 9. Re1 Bxf3 10. Qxf3 c6 11. c3 O-O 12. Bf4 Re8 13. Rad1 Qa5 14.
Bb1 Bf8 15. Qe2 Rad8 16. Qc2 Be7 17. b4 Qb6 18. h4 Nf8 19. h5 a5 20. a3
axb4 21. axb4 Nd5 22. Bc1 Qc7 23. Ne4 h6 24. Qd3 f5 25. Nc5 Bxc5 26. bxc5
Qf7 1/2-1/2

[Event "Open"]
[Site "Pula CRO"]
[Date "2009.07.01"]
[Round "6"]
[White "Plenkovic,Z"]
[Black "Maleki,N"]
[Result "1-0"]
[WhiteElo "2365"]
[BlackElo "2175"]
[EventDate "2009.06.27"]

1. g3 d5 2. Bg2 Nf6 3. Nf3 Bg4 4. O-O e6 5. d3 Be7 6. c4 c6 7. Nc3 Nbd7 8.
cxd5 exd5 9. h3 Bh5 10. Nd4 Bg6 11. e4 O-O 12. Kh2 c5 13. Nde2 c4 14. Nf4
dxe4 15. Nxg6 hxg6 16. dxc4 Rc8 17. b3 Nc5 18. Be3 Re8 19. Qxd8 Bxd8 20.
Rad1 Ba5 21. Nb5 Rc6 22. Nxa7 Rc7 23. Nb5 Rc6 24. Nd6 Re7 25. Nb5 Nfd7 26.
Rd5 f5 27. Rfd1 Nd3 28. Na7 Ra6 29. Nc8 Rf7 30. Nd6 Nf6 31. R5xd3 exd3 32.
Nxf7 Kxf7 33. Rxd3 b6 34. a3 Be1 35. b4 1-0

[Event "Open"]
[Site "Pula CRO"]
[Date "2009.07.01"]
[Round "6"]
[White "Luca,I"]
[Black "Doric,N"]
[Result "0-1"]
[WhiteElo "2159"]
[BlackElo "2344"]
[EventDate "2009.06.27"]

1. c4 Nf6 2. Nc3 e5 3. g3 c6 4. Bg2 d5 5. cxd5 cxd5 6. Qb3 Nc6 7. Nxd5 Nd4
8. Nxf6+ Qxf6 9. Qd1 Bf5 10. d3 Rc8 11. Kf1 Bc5 12. b4 Bb6 13. Be3 O-O 14.
Rc1 Rxc1 15. Qxc1 Rc8 16. Qd1 Nc2 17. Bxb6 axb6 18. Bf3 e4 19. dxe4 Bxe4
20. Kg2 Rd8 21. Qxd8+ Qxd8 22. Bxe4 Ne1+ 23. Kf1 Qd1 24. Bxb7 h6 25. b5 Kf8
26. a4 Ke7 27. Bc6 Kd6 28. h4 Kc5 29. f3 Nc2+ 30. Kg2 Qe1 31. f4 Ne3+ 32.
Kf3 Kd4 33. g4 Nd1 34. e3+ Qxe3+ 35. Kg2 Qf2+ 36. Kh3 Ne3 37. Nf3+ Kc5 38.
Ne5 Kd4 39. Nf3+ Kc3 40. Rc1+ Kb4 41. Ne1 Ka5 42. Nd3 Qe2 43. Be4 Qxg4+ 44.
Kh2 Qxh4+ 45. Kg1 Qg3+ 46. Kh1 Ng4 47. Rc2 Qh3+ 0-1

[Event "Open"]
[Site "Pula CRO"]
[Date "2009.07.01"]
[Round "6"]
[White "Zierke,O"]
[Black "Simic,Mi"]
[Result "1-0"]
[WhiteElo "2306"]
[BlackElo "2140"]
[EventDate "2009.06.27"]

1. d4 d5 2. c4 c6 3. Nf3 Nf6 4. Nc3 a6 5. e3 b5 6. b3 Bg4 7. h3 Bh5 8. Be2
e6 9. O-O Bd6 10. Ne5 Bxe2 11. Qxe2 O-O 12. Bb2 Nfd7 13. Nf3 f5 14. Rac1
Ra7 15. Nb1 Qf6 16. Nbd2 g5 17. Ne1 Rf7 18. cxd5 exd5 19. Nd3 g4 20. hxg4
Qh6 21. f4 fxg4 22. Qxg4+ Rg7 23. Qf5 Bb4 24. Nxb4 1-0

[Event "Open"]
[Site "Pula CRO"]
[Date "2009.07.01"]
[Round "6"]
[White "Foldi,I2"]
[Black "Frank,D"]
[Result "1/2-1/2"]
[WhiteElo "2296"]
[BlackElo "2122"]
[EventDate "2009.06.27"]

1. d4 Nf6 2. Nf3 e6 3. g3 b6 4. Bg2 Bb7 5. O-O Be7 6. c4 O-O 7. Nc3 Ne4 8.
Bd2 Bf6 9. Rc1 c5 10. dxc5 bxc5 11. Qc2 Nxd2 12. Qxd2 Qb6 13. b3 Rd8 14.
Rfd1 h6 15. Qf4 Na6 16. Ne4 Bxe4 17. Qxe4 Nb4 18. Qb1 Rab8 1/2-1/2

[Event "Open"]
[Site "Pula CRO"]
[Date "2009.07.01"]
[Round "6"]
[White "Hess,C1"]
[Black "Miletic,De"]
[Result "1/2-1/2"]
[WhiteElo "2262"]
[BlackElo "2231"]
[EventDate "2009.06.27"]

1. Nf3 Nf6 2. g3 g6 3. b3 Bg7 4. Bb2 O-O 5. Bg2 c5 6. c4 Nc6 7. O-O d5 8.
cxd5 Nxd5 9. Bxg7 Kxg7 10. Qc2 b6 11. Qb2+ Kg8 12. d4 cxd4 13. Nxd4 Nxd4
14. Qxd4 Bb7 15. Rd1 Qc7 16. Bxd5 Bxd5 17. Nc3 Be6 18. Nd5 Bxd5 1/2-1/2

[Event "Open"]
[Site "Pula CRO"]
[Date "2009.07.01"]
[Round "6"]
[White "Fattorich,I"]
[Black "Kalajzic,I"]
[Result "1/2-1/2"]
[WhiteElo "2079"]
[BlackElo "2249"]
[EventDate "2009.06.27"]

1. d4 e6 2. Nf3 c5 3. c3 Nf6 4. Bg5 h6 5. Bf4 b6 6. e3 Bb7 7. Nbd2 Be7 8.
Bd3 Nh5 9. Bg3 Nxg3 10. hxg3 cxd4 11. exd4 d6 12. Qe2 Nd7 13. Ne4 Qc7 14.
Neg5 Bxg5 15. Nxg5 Ke7 16. Ne4 f5 17. Nd2 Rhf8 18. f4 Rae8 19. O-O-O Kd8
20. Bb5 Re7 21. Rhe1 Nf6 22. Bd3 g6 23. Kb1 Kc8 24. Rh1 h5 25. Ba6 Kb8 26.
Bxb7 Qxb7 27. Qf3 Rfe8 28. c4 Ng4 29. Rhe1 Qxf3 30. Nxf3 Nf2 31. Rd2 Ne4
32. Rd3 Nxg3 33. Nh4 Ne4 34. Nxg6 Rg7 35. Nh4 Rg4 36. g3 Nxg3 37. d5 Ne4
38. Nf3 Rxf4 39. Kc2 e5 40. Rg1 Rg4 41. Re1 Reg8 42. b4 Rg2+ 43. Kb3 R8g3
44. Ree3 Nf2 45. Nxe5 Nxd3 46. Nc6+ Ka8 47. Re8+ Kb7 48. Re7+ Kc8 49. Nxa7+
Kd8 50. Nc6+ Kc8 51. Re8+ Kd7 52. Re7+ Kc8 53. Re8+ Kd7 54. Re7+ Kc8 55.
Na7+ Kd8 56. Nc6+ 1/2-1/2

[Event "Open"]
[Site "Pula CRO"]
[Date "2009.07.01"]
[Round "6"]
[White "Zelic,Ml"]
[Black "Vrchotka,J"]
[Result "1-0"]
[WhiteElo "2313"]
[BlackElo "2013"]
[EventDate "2009.06.27"]

1. e4 e5 2. f4 exf4 3. Nf3 g5 4. Bc4 Bg7 5. O-O d6 6. d4 Be6 7. Bxe6 fxe6
8. c3 h6 9. Qb3 Qc8 10. h4 g4 11. Nh2 e5 12. Bxf4 exf4 13. Rxf4 Qd7 14.
Qxb7 c6 15. Qxa8 Qc7 16. Nd2 Ne7 17. Raf1 Rf8 18. Rxf8+ Bxf8 19. Nxg4 Nc8
20. Nf6+ Ke7 21. Nc4 Bg7 22. Nd5+ cxd5 23. Qxd5 1-0

[Event "Open"]
[Site "Pula CRO"]
[Date "2009.07.02"]
[Round "7"]
[White "Saric,Iv"]
[Black "Fercec,N"]
[Result "1-0"]
[WhiteElo "2576"]
[BlackElo "2478"]
[EventDate "2009.06.27"]

1. e4 c5 2. Nf3 d6 3. d3 Nc6 4. g3 g6 5. Bg2 Bg7 6. O-O Nf6 7. Nbd2 O-O 8.
h3 Rb8 9. a4 a6 10. c3 b5 11. axb5 axb5 12. d4 cxd4 13. cxd4 d5 14. e5 Ne4
15. Nb3 Qb6 16. Ng5 Rd8 17. Be3 Nxg5 18. Bxg5 Be6 19. Qd2 Ra8 20. Rfc1 Ra4
21. Rxa4 bxa4 22. Nc5 Rb8 23. Qc3 h6 24. Be3 Na5 25. Nxa4 Qb5 26. Nc5 Nc4
27. Bf1 Qb6 28. Bxc4 dxc4 29. Nxe6 Qxe6 30. h4 Qb6 31. Qxc4 Qxb2 32. e6 f5
33. d5 Kh7 34. Qc2 Qb5 35. Qc5 Qd3 36. Qxe7 Qxd5 37. Qd7 Qe4 38. e7 Qa8 39.
h5 1-0

[Event "Open"]
[Site "Pula CRO"]
[Date "2009.07.02"]
[Round "7"]
[White "Jankovic,A"]
[Black "Barle,J"]
[Result "0-1"]
[WhiteElo "2540"]
[BlackElo "2411"]
[EventDate "2009.06.27"]

1. d4 Nc6 2. c4 e5 3. d5 Nce7 4. Nc3 Ng6 5. g3 Bc5 6. Bg2 d6 7. b4 Bb6 8.
Na4 Bd4 9. Rb1 a5 10. b5 Nf6 11. Nf3 Bf5 12. Rb3 Ba7 13. h4 h6 14. h5 Ne7
15. Ba3 O-O 16. c5 Nexd5 17. b6 cxb6 18. cxb6 Nxb6 19. Nxb6 Bxb6 20. Qxd6
Bxf2+ 21. Kf1 Qxd6 22. Bxd6 Rfd8 23. Be7 Rd1+ 0-1

[Event "Open"]
[Site "Pula CRO"]
[Date "2009.07.02"]
[Round "7"]
[White "Cvitan,O"]
[Black "Schmidt Schaeffer,S"]
[Result "0-1"]
[WhiteElo "2523"]
[BlackElo "2382"]
[EventDate "2009.06.27"]

1. d4 f5 2. g3 Nf6 3. Bg2 e6 4. c4 d5 5. Nf3 Be7 6. O-O O-O 7. b3 c6 8. Bb2
Ne4 9. Ne5 Nd7 10. Nd3 b5 11. c5 a5 12. a3 Qe8 13. f3 Ng5 14. Nd2 Qh5 15.
Nf4 Qh6 16. e4 e5 17. dxe5 Bxc5+ 18. Kh1 fxe4 19. fxe4 d4 20. b4 Bb6 21.
Qb3+ Kh8 22. Nd3 axb4 23. axb4 Rxa1 24. Bxa1 Rxf1+ 25. Nxf1 Nf8 26. Qa2 Qe6
27. Qa8 Qd7 28. Nd2 Nge6 29. Bh3 Qb7 30. Qxb7 Bxb7 31. Nb3 Kg8 32. Kg1 Kf7
33. Kf1 Ke7 34. Ke2 Bc8 35. Kd2 Bd7 36. Bg2 Be8 37. h4 h6 38. Bb2 Bf7 39.
Kc2 g5 40. hxg5 hxg5 41. Bh3 Bh5 42. Bf5 Bf3 43. Kd2 Bh5 44. g4 Bf7 45. Kc2
Ng6 46. Bc1 Ngf4 47. Bxe6 Nxe6 48. Nbc5 Bg6 49. Kd1 Bxc5 50. Nxc5 Nxc5 51.
bxc5 Ke6 52. Bxg5 Kxe5 53. Kd2 Kxe4 54. Be7 Kd5 55. Kc1 Kc4 56. Kd2 b4 57.
Kc1 Kc3 58. Bg5 b3 59. Bd2+ Kc4 60. Kb2 Bf7 61. g5 Kxc5 62. g6 Bg8 0-1

[Event "Open"]
[Site "Pula CRO"]
[Date "2009.07.02"]
[Round "7"]
[White "Doric,D"]
[Black "Saric,A"]
[Result "1/2-1/2"]
[WhiteElo "2468"]
[BlackElo "2502"]
[EventDate "2009.06.27"]

1. d4 Nf6 2. c4 e6 3. Nf3 Bb4+ 4. Bd2 Bxd2+ 5. Qxd2 d5 6. Nc3 O-O 7. e3 Qe7
8. Rc1 Rd8 9. cxd5 exd5 10. Bd3 Nc6 11. h3 Ne4 12. Qe2 Bf5 13. O-O Nxc3 14.
Rxc3 Bxd3 15. Qxd3 Nb4 16. Qb1 a5 17. Rfc1 c6 18. a3 Na6 19. Ne1 Nc7 20.
Nd3 Nb5 21. Rc5 a4 22. Qc2 Nd6 23. Qd1 Nc4 24. R5xc4 dxc4 25. Rxc4 Rac8 26.
Qxa4 h5 27. Qb4 Qc7 28. Qc3 Qe7 29. Nf4 g6 30. Rc5 Qf6 31. b4 Ra8 32. Qb3
Ra6 33. Rc3 Rda8 34. Qb2 h4 35. Nd3 R6a7 36. Ne5 Qe6 37. Nc4 Rd8 38. Qc2
Kg7 39. Nb6 Ra6 40. Nc4 Rd5 41. Ne5 Ra8 42. a4 Rad8 43. a5 Rb5 44. Rc4 Qd6
45. Qc3 f6 46. Nd3 Ra8 47. Qc2 g5 48. Nc5 Qd5 49. Ne4 Qf5 50. f3 Qe6 51.
Qd3 Qe7 52. Qc3 Kh6 53. Rc5 Rxc5 54. dxc5 Qe5 55. Qxe5 fxe5 56. Nd6 Kg6 57.
Kf2 Kf6 58. Ke2 Ke6 59. Ne4 Kf5 60. Kd3 Rd8+ 61. Nd6+ Ke6 62. Kc4 Rd7 63.
e4 Rc7 64. b5 cxb5+ 65. Kxb5 Kd7 66. Nc4 Ke6 67. Nb6 Rf7 68. Nd5 g4 69.
hxg4 Rxf3 70. gxf3 h3 71. c6 bxc6+ 72. Kxc6 h2 73. a6 h1=Q 74. a7 Qc1+ 75.
Kb7 Kd6 76. a8=Q Qc6+ 77. Ka7 Qa4+ 78. Kb8 Qe8+ 1/2-1/2

[Event "Open"]
[Site "Pula CRO"]
[Date "2009.07.02"]
[Round "7"]
[White "Fucak,E"]
[Black "Zelcic,R"]
[Result "0-1"]
[WhiteElo "2272"]
[BlackElo "2555"]
[EventDate "2009.06.27"]

1. e4 c6 2. d4 d5 3. Nc3 dxe4 4. Nxe4 Bf5 5. Ng3 Bg6 6. Bc4 e6 7. N1e2 Bd6
8. Nf4 Qc7 9. Nxg6 hxg6 10. Qf3 Nf6 11. Bg5 Nbd7 12. O-O-O Nd5 13. Ne4 Be7
14. Qg3 Bxg5+ 15. Nxg5 Qxg3 16. hxg3 Ke7 17. Bb3 b5 18. c4 bxc4 19. Bxc4
N7f6 20. Bxd5 cxd5 21. Kd2 Rhb8 22. b3 Rb4 23. Kc3 Rb7 24. Rc1 a5 25. Kb2
Ne8 26. Rc6 Nd6 27. Rhc1 Kd7 28. R6c2 a4 29. Nf3 f6 30. Nd2 Nb5 31. Nf3
axb3 32. axb3 Rba7 0-1

[Event "Open"]
[Site "Pula CRO"]
[Date "2009.07.02"]
[Round "7"]
[White "Brumen,D"]
[Black "Jovanic,O"]
[Result "1/2-1/2"]
[WhiteElo "2355"]
[BlackElo "2539"]
[EventDate "2009.06.27"]

1. d4 d5 2. c4 dxc4 3. Nf3 Nf6 4. e3 e6 5. Bxc4 a6 6. O-O Nbd7 7. a4 b6 8.
Nc3 Bb7 9. Qe2 Bb4 10. Rd1 O-O 11. d5 exd5 12. Nxd5 Nxd5 13. Bxd5 Bxd5 14.
Rxd5 c6 15. Rd1 Qc7 16. Qc4 1/2-1/2

[Event "Open"]
[Site "Pula CRO"]
[Date "2009.07.02"]
[Round "7"]
[White "Drazic,S"]
[Black "Plenkovic,Z"]
[Result "1-0"]
[WhiteElo "2533"]
[BlackElo "2365"]
[EventDate "2009.06.27"]

1. d4 Nf6 2. c4 g6 3. Nc3 Bg7 4. e4 d6 5. Bd3 O-O 6. Nge2 Nc6 7. O-O e5 8.
d5 Nd4 9. h3 Nxe2+ 10. Bxe2 Nd7 11. Be3 a5 12. a3 Nc5 13. Rb1 f5 14. b4
axb4 15. axb4 Nxe4 16. Nxe4 fxe4 17. c5 Qh4 18. Qd2 h6 19. Ra1 Rxa1 20.
Rxa1 Kh7 21. Ra8 Bf5 22. Qa2 Rf7 23. Rb8 g5 24. Qc2 h5 25. Rxb7 g4 26. hxg4
hxg4 27. g3 Qf6 28. cxd6 cxd6 29. Rxf7 Qxf7 30. Qc6 Bf8 31. b5 Qe7 32. b6
Qd8 33. Ba6 Kg6 34. Qc7 1-0

[Event "Open"]
[Site "Pula CRO"]
[Date "2009.07.02"]
[Round "7"]
[White "Doric,N"]
[Black "Martinovic,Sa"]
[Result "1/2-1/2"]
[WhiteElo "2344"]
[BlackElo "2483"]
[EventDate "2009.06.27"]

1. e4 c5 2. c3 Qa5 3. Nf3 Nc6 4. Na3 e6 5. Nc4 Qc7 6. d4 cxd4 7. Nxd4 a6 8.
Nxc6 Qxc6 9. e5 d5 10. exd6 b5 11. Be2 Nf6 12. Bf3 Nd5 13. Ne3 Bb7 14. Nxd5
exd5 15. Qe2+ Kd8 16. Bg5+ f6 17. Be3 Qxd6 18. O-O Kc7 19. Qd2 g5 20. Rfd1
Rd8 21. a4 bxa4 22. Rxa4 Qc6 23. Ra5 Qc4 24. Qd4 Qxd4 25. Rxd4 Be7 26. Bxd5
Bxd5 27. Raxd5 Rxd5 28. Rxd5 Rb8 29. b4 Rb5 30. Rd1 a5 31. bxa5 Rxa5 32. g4
f5 33. h3 Bf6 34. Bb6+ Kxb6 35. Rd6+ Kc7 36. Rxf6 fxg4 37. hxg4 Ra4 38. f3
Rc4 39. Rf7+ Kd6 40. Rxh7 Rxc3 41. Rf7 Rc5 42. Kf2 Ke6 43. Rf8 Ke7 44. Ra8
Re5 45. Ra6 Kf7 46. Rd6 Kg7 47. Rd4 Kf6 1/2-1/2

[Event "Open"]
[Site "Pula CRO"]
[Date "2009.07.02"]
[Round "7"]
[White "Cela,S"]
[Black "Loncar,R"]
[Result "1/2-1/2"]
[WhiteElo "2304"]
[BlackElo "2435"]
[EventDate "2009.06.27"]

1. e4 e5 2. Nf3 Nc6 3. Bc4 Nf6 4. d3 Be7 5. O-O O-O 6. Bb3 d5 7. exd5 Nxd5
8. Re1 Bg4 9. h3 Bh5 10. g4 Bg6 11. Nxe5 Nxe5 12. Rxe5 c6 13. Qf3 Bf6 14.
Re2 a5 15. Bxd5 cxd5 16. Nc3 Bxc3 17. bxc3 1/2-1/2

[Event "Open"]
[Site "Pula CRO"]
[Date "2009.07.02"]
[Round "7"]
[White "Rukavina,J"]
[Black "Kristovic,M"]
[Result "1-0"]
[WhiteElo "2423"]
[BlackElo "2320"]
[EventDate "2009.06.27"]

1. c4 Nf6 2. Nf3 g6 3. Nc3 Bg7 4. e4 d6 5. d4 O-O 6. Be2 b6 7. O-O c5 8. d5
e6 9. h3 exd5 10. cxd5 a6 11. a4 Re8 12. Qc2 Nbd7 13. Bf4 Qe7 14. Nd2 Ne5
15. Bh2 g5 16. Bxe5 dxe5 17. Nc4 Qd8 18. Qb3 Rb8 19. Na5 Qc7 20. Nc4 h5 21.
Rfd1 Bd7 22. Ne3 b5 23. axb5 axb5 24. d6 Qb7 25. Ned5 c4 26. Qb4 g4 27. Qc5
Kh8 28. Qe3 Nxd5 29. Nxd5 gxh3 30. Ra7 Qc8 31. Ne7 Rxe7 32. dxe7 Rb7 33.
Rxb7 Qxb7 34. Qg5 Qc6 35. Bxh5 Kg8 36. Bg4 Be8 37. Rd8 Kh7 38. Qf5+ Kg8 39.
Rxe8+ Qxe8 40. Qd7 1-0

[Event "Open"]
[Site "Pula CRO"]
[Date "2009.07.02"]
[Round "7"]
[White "Nester,I"]
[Black "Zierke,O"]
[Result "0-1"]
[WhiteElo "2390"]
[BlackElo "2306"]
[EventDate "2009.06.27"]

1. Nf3 d5 2. d4 c5 3. c4 e6 4. cxd5 exd5 5. g3 Nc6 6. Bg2 Nf6 7. O-O Be7 8.
Nc3 O-O 9. dxc5 Bxc5 10. b3 a6 11. Na4 Ba7 12. Ba3 Re8 13. Rc1 Ne4 14. Bb2
d4 15. Nd2 Nxf2 16. Rxf2 d3 17. Nc5 Bg4 18. Bf3 Bxf3 19. exf3 Qd5 20. Ba3
Nd4 21. Nde4 Nb5 22. Nc3 Qd4 23. Nxb5 axb5 24. Kg2 Rad8 25. Rd2 Re3 26. b4
h5 27. Qf1 h4 28. Ne4 Rxe4 29. fxe4 Qxe4+ 30. Kh3 Qe6+ 31. Kg2 h3+ 32. Kh1
Qe4+ 33. Rg2 d2 34. Rd1 hxg2+ 35. Qxg2 Qe1+ 0-1

[Event "Open"]
[Site "Pula CRO"]
[Date "2009.07.02"]
[Round "7"]
[White "Smith,Ax"]
[Black "Guenthner,O"]
[Result "1-0"]
[WhiteElo "2383"]
[BlackElo "2248"]
[EventDate "2009.06.27"]

1. d4 Nf6 2. c4 g6 3. Nc3 Bg7 4. e4 d6 5. Be2 O-O 6. Nf3 c5 7. O-O cxd4 8.
Nxd4 Nc6 9. Nc2 Nd7 10. Bd2 a5 11. Na3 Nc5 12. Nab5 Be6 13. Be3 a4 14. Qc2
Qa5 15. Rad1 Rfc8 16. Rd2 Ne5 17. Nd5 Bxd5 18. exd5 f5 19. f3 Na6 20. Rc1
Nc7 21. Na3 Nd7 22. Bf1 Rf8 23. Kh1 Na6 24. Rdd1 Nac5 25. Nb5 f4 26. Bf2
Rac8 27. Nd4 Be5 28. Rb1 Rf7 29. b4 axb3 30. axb3 Na6 31. b4 Qd8 32. Ne6
Qe8 33. Qa4 Nf8 34. Qxe8 Rxe8 35. Ng5 Rf5 36. Ne4 Nc7 37. c5 Rb8 38. b5
dxc5 39. Bxc5 Rf7 40. Bc4 Ne8 41. Ng5 Rf5 42. d6+ e6 43. Nxe6 Nd7 44. Nd4+
Rf7 45. Bb4 Kg7 46. Bxf7 Kxf7 47. Nc6 bxc6 48. bxc6 Nef6 49. cxd7 Nxd7 50.
Ba3 Rxb1 1-0

[Event "Open"]
[Site "Pula CRO"]
[Date "2009.07.02"]
[Round "7"]
[White "Van Leent,D"]
[Black "Franic,M"]
[Result "1-0"]
[WhiteElo "2201"]
[BlackElo "2421"]
[EventDate "2009.06.27"]

1. e4 e6 2. d4 d5 3. Nc3 Bb4 4. e5 b6 5. a3 Bf8 6. Nf3 Ne7 7. Bd3 Ba6 8.
Bxa6 Nxa6 9. Qd3 Qc8 10. O-O h6 11. Bd2 c6 12. Ne2 Nb8 13. b3 Ng6 14. h4 h5
15. g3 Qa6 16. c4 Nd7 17. Ng5 Ne7 18. Nf4 g6 19. Qf3 Nf5 20. Nfxe6 fxe6 21.
Nxe6 Rc8 22. cxd5 cxd5 23. Rfc1 Be7 24. Rxc8+ Qxc8 25. Rc1 Qb7 26. Rc7 Qa8
27. Qc3 Kf7 28. Nf4 Nf8 29. Rc8 Qb7 30. Rc7 Qa8 31. Rc8 Qb7 32. e6+ Kg7 33.
Rc7 Qa8 34. Qc2 Rh7 35. Bb4 Kh6 36. Qc1 g5 37. Bxe7 Rxe7 38. Nxd5 Nxe6 39.
Nxe7 Nfxd4 40. hxg5+ Nxg5 41. Qe3 Ndf3+ 42. Kf1 Qd8 43. Nf5+ Kg6 44. Rc6+
Kf7 45. Nd6+ Kg7 46. Qc3+ Kg6 47. Nb7+ 1-0

[Event "Open"]
[Site "Pula CRO"]
[Date "2009.07.02"]
[Round "7"]
[White "Wiedner,R"]
[Black "Zivkovic,Vj"]
[Result "1/2-1/2"]
[WhiteElo "2189"]
[BlackElo "2413"]
[EventDate "2009.06.27"]

1. c4 Nf6 2. d4 g6 3. Nc3 Bg7 4. g3 O-O 5. Bg2 d6 6. Nf3 Nc6 7. O-O Bg4 8.
h3 Bxf3 9. exf3 Nd7 10. Ne2 e5 11. d5 Nd4 12. Be3 Nf5 13. Bd2 a5 14. b3 Nc5
15. Bc3 b6 16. Rc1 g5 17. Rc2 Ne7 18. Qa1 Ng6 19. Rd1 Bh6 20. Nc1 f5 21.
Nd3 Bg7 22. Re2 f4 23. Nxc5 bxc5 24. Rd3 h5 25. Qe1 a4 26. b4 cxb4 27. Bxb4
fxg3 28. fxg3 h4 29. Re4 hxg3 30. Qxg3 Nf4 31. Rd2 Rf6 32. a3 Rh6 33. Bf1
Qd7 34. Rh2 Kf7 35. Qg4 Qe7 36. Kh1 Rh4 37. Qg3 Rb8 38. Qf2 Rbh8 39. Qc2
Qd7 40. c5 Kf6 41. cxd6 cxd6 42. Rc4 Qe7 1/2-1/2

[Event "Open"]
[Site "Pula CRO"]
[Date "2009.07.02"]
[Round "7"]
[White "Plaskan,J"]
[Black "Gergacz,A"]
[Result "0-1"]
[WhiteElo "2185"]
[BlackElo "2323"]
[EventDate "2009.06.27"]

1. e4 e5 2. Nf3 Nc6 3. Bb5 a6 4. Bxc6 dxc6 5. Nc3 f6 6. d4 exd4 7. Qxd4
Qxd4 8. Nxd4 Bd7 9. Be3 O-O-O 10. O-O-O Re8 11. f3 Ne7 12. Nde2 Nf5 13. Bf2
Nd6 14. Nf4 g6 15. Nd3 Bh6+ 16. Kb1 b6 17. h4 Bg7 18. h5 f5 19. e5 Nf7 20.
f4 g5 21. g3 h6 22. Ne1 Bf8 23. Nf3 Rg8 24. Rhg1 Nd8 25. Be3 Ne6 26. Nd4
Nxd4 27. Bxd4 Be6 28. Be3 Be7 29. Ne2 c5 30. b3 Bf7 31. g4 gxf4 32. Bxf4
fxg4 33. Ng3 Bg5 34. Rdf1 Bd5 35. Nf5 Be6 36. Nxh6 Bxh6 37. Bxh6 g3 38. Bf4
g2 39. Rf2 Bd5 40. Kb2 Rg4 41. h6 Rh4 42. Rd2 Bc6 43. Be3 Rxe5 44. Rd3 Rh1
45. a4 Rxe3 0-1

[Event "Open"]
[Site "Pula CRO"]
[Date "2009.07.02"]
[Round "7"]
[White "Schulze,U"]
[Black "Marceta,M"]
[Result "1-0"]
[WhiteElo "2315"]
[BlackElo "2142"]
[EventDate "2009.06.27"]

1. d4 Nf6 2. Nf3 c5 3. c4 g6 4. g3 Bg7 5. Bg2 O-O 6. Nc3 cxd4 7. Nxd4 d6 8.
O-O a6 9. h3 Qc7 10. b3 Nc6 11. Be3 Bd7 12. Rc1 Nxd4 13. Bxd4 Bc6 14. e4
Rac8 15. Qd2 Qa5 16. Rfd1 Qd8 17. b4 b5 18. cxb5 axb5 19. a4 bxa4 20. b5
Ba8 21. Nxa4 Rxc1 22. Rxc1 Qb8 23. Nb6 e5 24. Be3 Bxe4 25. Bxe4 Nxe4 26.
Qd5 Nf6 27. Qc6 Rd8 28. Bg5 d5 29. Bxf6 Bxf6 30. Qxf6 Rd6 31. Rc8+ Qxc8 32.
Qxd6 1-0

[Event "Open"]
[Site "Pula CRO"]
[Date "2009.07.02"]
[Round "7"]
[White "Kolesar,Mil"]
[Black "Papp,T1"]
[Result "0-1"]
[WhiteElo "2178"]
[BlackElo "2313"]
[EventDate "2009.06.27"]

1. Nf3 Nf6 2. c4 g6 3. g3 Bg7 4. Bg2 d6 5. d4 Nbd7 6. O-O O-O 7. Nc3 e5 8.
e4 exd4 9. Nxd4 Re8 10. Re1 a6 11. h3 Rb8 12. Bg5 h6 13. Bf4 Ne5 14. Qe2
Nh5 15. Be3 c5 16. Nf3 b5 17. Nxe5 Bxe5 18. cxb5 axb5 19. Bxh6 b4 20. Nd5
Bb7 21. Qd2 Bxd5 22. exd5 c4 23. Rac1 c3 24. bxc3 bxc3 25. Qe3 Qd7 26. g4
Ng7 27. Qd3 Kh7 28. Be3 Qa4 29. Bf3 Rec8 30. a3 c2 31. Be2 Bb2 32. Qa6 Qxa6
33. Bxa6 Rc7 34. Bd3 Bxc1 35. Rxc1 Rb3 36. Rxc2 Rxc2 37. Bxc2 Rxa3 38. Be4
Ne8 39. Kg2 Nf6 40. Bf3 Rd3 41. Kf1 Nxd5 42. Ke2 Nb4 43. h4 Ra3 44. Bf4 d5
45. Bd6 Ra2+ 46. Ke3 Nc2+ 47. Kf4 Ra4+ 48. Kg5 d4 49. h5 d3 50. Kf6 Ra6 51.
Ke7 Nd4 52. Bd1 d2 53. Bc5 Ra1 54. Bxd4 Rxd1 55. Kxf7 g5 0-1

[Event "Open"]
[Site "Pula CRO"]
[Date "2009.07.02"]
[Round "7"]
[White "Nannelli,P"]
[Black "Zelic,Ml"]
[Result "1/2-1/2"]
[WhiteElo "2176"]
[BlackElo "2313"]
[EventDate "2009.06.27"]

1. d4 f5 2. Bf4 Nf6 3. e3 g6 4. h4 h6 5. Nf3 d6 6. Bc4 e6 7. Nc3 Bg7 8. Qe2
Nc6 9. O-O-O Qe7 10. Bb3 e5 11. dxe5 dxe5 12. Bh2 Bd7 13. Ba4 O-O-O 14.
Bxc6 Bxc6 15. Nxe5 Bxg2 16. Nxg6 Qb4 17. a3 Qc5 18. Nxh8 Bxh1 19. Rxh1 Qc6
20. Rg1 Bxh8 21. Qb5 Qe6 22. Qc5 Ne8 23. Kb1 b6 24. Qb4 Kb7 1/2-1/2

[Event "Open"]
[Site "Pula CRO"]
[Date "2009.07.02"]
[Round "7"]
[White "Tomazini,A"]
[Black "Deslandes,P"]
[Result "1-0"]
[WhiteElo "2152"]
[BlackElo "2307"]
[EventDate "2009.06.27"]

1. e4 e6 2. d4 d5 3. e5 c5 4. c3 Nc6 5. Nf3 Bd7 6. Bd3 cxd4 7. cxd4 Qb6 8.
O-O Nxd4 9. Nbd2 Nxf3+ 10. Nxf3 Ne7 11. Be3 Qd8 12. Ng5 Nc6 13. f4 g6 14.
Rc1 Be7 15. Bb1 O-O 16. h4 h6 17. Nf3 Bxh4 18. g3 Be7 19. Rf2 Kg7 20. Rh2
Rh8 21. g4 g5 22. fxg5 hxg5 23. Rcc2 Qa5 24. Qc1 Rag8 25. Bxg5 Kf8 26. Bh6+
Ke8 27. g5 Qb4 28. Rcg2 Nd4 29. Nxd4 Qxd4+ 30. Kh1 Qxe5 31. g6 fxg6 32.
Bxg6+ Kd8 33. Bf4 Rxh2+ 34. Rxh2 1-0

[Event "Open"]
[Site "Pula CRO"]
[Date "2009.07.02"]
[Round "7"]
[White "Frisk,E"]
[Black "Foldi,I2"]
[Result "1/2-1/2"]
[WhiteElo "2131"]
[BlackElo "2296"]
[EventDate "2009.06.27"]

1. e4 c5 2. Nf3 e6 3. d4 cxd4 4. Nxd4 a6 5. Nc3 Qc7 6. g3 Nc6 7. Bg2 Nf6 8.
O-O Be7 9. Nxc6 bxc6 10. Bf4 e5 11. Be3 d6 12. Na4 Rb8 13. c4 O-O 14. b3
Be6 15. Nc3 Rfd8 16. Qd3 a5 17. Rad1 h6 18. Bc1 Qa7 19. Ba3 Rd7 20. Qc2
Rbd8 21. Rd2 Bf8 22. Rfd1 Bg4 23. Rf1 Bh5 24. Bc1 Rb7 25. Re1 Rbb8 26. Rd3
Bg6 27. Qd1 Qa6 28. Ba3 Ne8 29. Rd2 Be7 30. Qe2 Bg5 31. Rdd1 Bf6 32. Bf3
Qa7 33. Rd3 Be7 34. Red1 Qc7 35. Qd2 Bg5 36. Qe2 Be7 37. Qd2 Bg5 38. Qe2
Be7 1/2-1/2

[Event "Open"]
[Site "Pula CRO"]
[Date "2009.07.02"]
[Round "7"]
[White "Sandhu,M"]
[Black "Saradjen,J"]
[Result "1-0"]
[WhiteElo "2292"]
[BlackElo "2128"]
[EventDate "2009.06.27"]

1. e4 c5 2. Nf3 Nc6 3. Bb5 Qb6 4. Nc3 g6 5. O-O Bg7 6. Nd5 Qa5 7. d3 Nf6 8.
Bxc6 bxc6 9. Bd2 Qd8 10. Qe1 a5 11. Nxf6+ exf6 12. Qc1 O-O 13. Bh6 Re8 14.
Bxg7 Kxg7 15. Qf4 Qe7 16. Rfe1 d6 17. a4 h5 18. h3 Bd7 19. b3 Kh7 20. Rad1
g5 21. Qe3 Rg8 22. Nd2 Rg6 23. d4 cxd4 24. Qxd4 Be6 25. Nf1 Rd8 26. Ng3 h4
27. Nf5 Qc7 28. Nxd6 g4 29. hxg4 Bxg4 30. Rd3 c5 31. Nb5 Rxd4 32. Nxc7 Rxd3
33. cxd3 h3 34. gxh3 Bxh3+ 35. Kh2 Rh6 36. Kg3 Bd7 37. Kf4 Rh4+ 38. Ke3 f5
39. Nd5 Kg7 40. Rg1+ Kf8 41. Nf4 fxe4 42. dxe4 Rh6 43. Rc1 Rb6 44. Rc3 c4
45. bxc4 Bxa4 46. Ra3 Rb3+ 47. Rxb3 Bxb3 48. Kd4 a4 49. Kc3 Bd1 50. Kb4 Ke7
51. Nd5+ Kd6 52. f4 Bc2 53. Nc3 Kc6 54. e5 f6 55. exf6 Kd6 56. Nxa4 Ke6 57.
Nb6 Kxf6 58. Nd5+ Ke6 59. Ne3 Be4 60. Kc5 Bd3 61. Kd4 Be2 62. f5+ Kf6 63.
Ke4 Bh5 64. Nd5+ Kf7 65. c5 Be2 66. Ke5 Bb5 67. Kd6 Bd3 68. Ke5 Bb5 69. Nc3
Bc6 70. Ne4 Bd7 71. Nd6+ Ke7 72. f6+ Kd8 73. Kd5 Bg4 74. c6 Bf3+ 75. Kc5
Bh5 76. Kb6 1-0